<?xml version="1.0" encoding="UTF-8"?>
<record
    xmlns:xsi="http://www.w3.org/2001/XMLSchema-instance"
    xsi:schemaLocation="http://www.loc.gov/MARC21/slim http://www.loc.gov/standards/marcxml/schema/MARC21slim.xsd"
    xmlns="http://www.loc.gov/MARC21/slim">

  <leader>01505nam0a2200385   4500</leader>
  <controlfield tag="001">RU\NLR\bibl\2051758</controlfield>
  <controlfield tag="005">20260406163123.0</controlfield>
  <datafield tag="010" ind1=" " ind2=" ">
    <subfield code="a">978-5-4438-0322-7</subfield>
    <subfield code="9">2500</subfield>
  </datafield>
  <datafield tag="021" ind1=" " ind2=" ">
    <subfield code="a">RU</subfield>
    <subfield code="b">2013-34515</subfield>
    <subfield code="9">298&#x434;/13</subfield>
  </datafield>
  <datafield tag="035" ind1=" " ind2=" ">
    <subfield code="a">(NLR Aleph) 002038767</subfield>
  </datafield>
  <datafield tag="090" ind1=" " ind2=" ">
    <subfield code="a">4585799</subfield>
    <subfield code="c">4585799</subfield>
  </datafield>
  <datafield tag="100" ind1=" " ind2=" ">
    <subfield code="a">20130709d2013    u  y0rusy50      ca</subfield>
  </datafield>
  <datafield tag="101" ind1="0" ind2=" ">
    <subfield code="a">rus</subfield>
  </datafield>
  <datafield tag="102" ind1=" " ind2=" ">
    <subfield code="a">RU</subfield>
  </datafield>
  <datafield tag="105" ind1=" " ind2=" ">
    <subfield code="a">y   z|||000yy</subfield>
  </datafield>
  <datafield tag="200" ind1="1" ind2=" ">
    <subfield code="a">&#x425;&#x43E;&#x442;&#x435;&#x43B; &#x43B;&#x438; &#x413;&#x438;&#x442;&#x43B;&#x435;&#x440; &#x432;&#x43E;&#x439;&#x43D;&#x44B;</subfield>
    <subfield code="e">&#x431;&#x435;&#x441;&#x435;&#x434;&#x44B; &#x441; &#x41E;&#x442;&#x442;&#x43E; &#x428;&#x442;&#x440;&#x430;&#x441;&#x441;&#x435;&#x440;&#x43E;&#x43C;</subfield>
    <subfield code="f">&#x414;&#x443;&#x433;&#x43B;&#x430;&#x441; &#x420;&#x438;&#x434;</subfield>
  </datafield>
  <datafield tag="210" ind1=" " ind2=" ">
    <subfield code="a">&#x41C;&#x43E;&#x441;&#x43A;&#x432;&#x430;</subfield>
    <subfield code="c">&#x410;&#x43B;&#x433;&#x43E;&#x440;&#x438;&#x442;&#x43C;</subfield>
    <subfield code="d">2013</subfield>
  </datafield>
  <datafield tag="215" ind1=" " ind2=" ">
    <subfield code="a">349, [2] &#x441;.</subfield>
    <subfield code="d">22</subfield>
  </datafield>
  <datafield tag="225" ind1="1" ind2=" ">
    <subfield code="a">&#x41C;&#x435;&#x43C;&#x443;&#x430;&#x440;&#x44B; &#x412;&#x442;&#x43E;&#x440;&#x43E;&#x439; &#x43C;&#x438;&#x440;&#x43E;&#x432;&#x43E;&#x439;</subfield>
  </datafield>
  <datafield tag="320" ind1=" " ind2=" ">
    <subfield code="a">&#x421;&#x43E;&#x447;. &#x414;. &#x420;&#x438;&#x434;&#x430; &#x432; &#x43A;&#x43E;&#x43D;&#x446;&#x435; &#x43A;&#x43D;.</subfield>
  </datafield>
  <datafield tag="600" ind1=" " ind2="1">
    <subfield code="a">&#x428;&#x442;&#x440;&#x430;&#x441;&#x441;&#x435;&#x440;</subfield>
    <subfield code="b">&#x41E;.</subfield>
    <subfield code="f">1897 - 1974</subfield>
    <subfield code="g">&#x41E;&#x442;&#x442;&#x43E;</subfield>
    <subfield code="9">2596273</subfield>
    <subfield code="3">RU\NLR\auth\661534002</subfield>
  </datafield>
  <datafield tag="606" ind1="1" ind2=" ">
    <subfield code="a">&#x410;&#x43D;&#x442;&#x438;&#x441;&#x435;&#x43C;&#x438;&#x442;&#x438;&#x437;&#x43C;</subfield>
    <subfield code="y">&#x413;&#x435;&#x440;&#x43C;&#x430;&#x43D;&#x438;&#x44F;</subfield>
    <subfield code="z">1933 - 1945</subfield>
    <subfield code="9">2562782</subfield>
    <subfield code="3">RU\NLR\auth\661515910</subfield>
  </datafield>
  <datafield tag="606" ind1="1" ind2=" ">
    <subfield code="a">&#x424;&#x430;&#x448;&#x438;&#x437;&#x43C;</subfield>
    <subfield code="x">&#x418;&#x441;&#x442;&#x43E;&#x440;&#x438;&#x44F;</subfield>
    <subfield code="y">&#x413;&#x435;&#x440;&#x43C;&#x430;&#x43D;&#x438;&#x44F;</subfield>
    <subfield code="9">1565210</subfield>
    <subfield code="3">RU\NLR\AUTH\66985145</subfield>
  </datafield>
  <datafield tag="686" ind1=" " ind2=" ">
    <subfield code="a">&#x422;3(4&#x413;)63-8</subfield>
  </datafield>
  <datafield tag="686" ind1=" " ind2=" ">
    <subfield code="a">&#x422;3(9=&#x415;)0,02</subfield>
  </datafield>
  <datafield tag="700" ind1=" " ind2="1">
    <subfield code="a">&#x420;&#x438;&#x434;</subfield>
    <subfield code="b">&#x414;.</subfield>
    <subfield code="f">1895-</subfield>
    <subfield code="g">&#x414;&#x443;&#x433;&#x43B;&#x430;&#x441;</subfield>
    <subfield code="4">070</subfield>
  </datafield>
  <datafield tag="702" ind1=" " ind2="1">
    <subfield code="4">570</subfield>
    <subfield code="7">ca</subfield>
    <subfield code="8">rus</subfield>
    <subfield code="a">&#x428;&#x442;&#x440;&#x430;&#x441;&#x441;&#x435;&#x440;</subfield>
    <subfield code="b">&#x41E;.</subfield>
    <subfield code="f">1897-1974</subfield>
    <subfield code="g">&#x41E;&#x442;&#x442;&#x43E;</subfield>
    <subfield code="3">RU\NLR\AUTH\770289373</subfield>
    <subfield code="9">2695024</subfield>
  </datafield>
  <datafield tag="702" ind1=" " ind2="1">
    <subfield code="4">570</subfield>
    <subfield code="8">rus</subfield>
    <subfield code="7">ca</subfield>
    <subfield code="a">&#x413;&#x438;&#x442;&#x43B;&#x435;&#x440;</subfield>
    <subfield code="b">&#x410;.</subfield>
    <subfield code="f">1889-1945</subfield>
    <subfield code="g">&#x410;&#x434;&#x43E;&#x43B;&#x44C;&#x444;</subfield>
    <subfield code="3">RU\NLR\AUTH\779888</subfield>
    <subfield code="9">119684</subfield>
  </datafield>
  <datafield tag="801" ind1=" " ind2="0">
    <subfield code="a">RU</subfield>
    <subfield code="b">NLR</subfield>
    <subfield code="c">20130709</subfield>
    <subfield code="g">RCR</subfield>
  </datafield>
  <datafield tag="801" ind1=" " ind2="1">
    <subfield code="a">RU</subfield>
    <subfield code="b">NLR</subfield>
    <subfield code="c">20130709</subfield>
  </datafield>
  <datafield tag="942" ind1=" " ind2=" ">
    <subfield code="c">BOOK</subfield>
  </datafield>
  <datafield tag="980" ind1=" " ind2=" ">
    <subfield code="a">NBR</subfield>
  </datafield>
  <datafield tag="980" ind1=" " ind2=" ">
    <subfield code="a">NB</subfield>
  </datafield>
</record>
